Exultet. Enciclopedia práctica de la liturgia.
Bewaard in:
| Hoofdauteur: | |
|---|---|
| Formaat: | Onbekend |
| Taal: | Engels |
| Gepubliceerd in: |
2002
Ediciones Mensajero
Bilbao, España
|
| Reeks: | La Barca de Pedro
|
| Onderwerpen: | |
| Tags: |
Voeg label toe
Geen labels, Wees de eerste die dit record labelt!
|
MARC
| LEADER | 00000 a2200000 4500 | ||
|---|---|---|---|
| 003 | CL-VaPUC | ||
| 005 | 20210405103618.0 | ||
| 008 | 210105b ||||| |||| 00| 0 eng d | ||
| 999 | |c 432178 |d 432176 | ||
| 020 | |a 9788427124943 | ||
| 040 | |c Pontificia Universidad Católica de Valparaíso | ||
| 082 | 1 | 4 | |2 21 |a 264.022 REI 2002 |
| 100 | |a Reiner, Louis-Michel |9 857768 |e dirección | ||
| 245 | |a Exultet. |b Enciclopedia práctica de la liturgia. | ||
| 260 | 0 | 3 | |c Bilbao, España |b Ediciones Mensajero |a 2002 |
| 300 | |a 485 páginas | ||
| 440 | |a La Barca de Pedro |9 859243 | ||
| 583 | |k Cristina Rojas |c 20210105 | ||
| 650 | 0 | |a Liturgia |9 859367 |x Ritos religiosos | |
| 650 | 0 | 0 | |a Textos sagrados |9 257605 |x Ritos y costumbres |
| 942 | |2 ddc |c BK | ||
| 952 | |0 0 |1 0 |2 ddc |4 0 |6 264_022000000000000_REI_2002 |7 0 |8 A |9 577359 |a BIBTEO |b BIBTEO |d 2020-12-30 |e 3 |g 37726.00 |i 5581168 |o 264.022 REI 2002 |p 5581168 |r 2025-01-17 |t 1 |v 37726.00 |w 2020-12-30 |y BK |k ICR | ||